00325nam a2200133Ia 45000030006000000080041000060400015000471000039000622450039001012500013001402600009001535460012001620050017001740STCL150530s9999 xx 000 0 und d aSTCLcSTCL aSohrab Davar, R.; Rustom Davar, S. aBusiness and industrial management aTwelveth c1969 aEnglish20220125170548.0